Guyton and Hall Textbook of Medical Physiology (Record no. 24885)

MARC details
000 -LEADER
fixed length control field 00355nam a22001577a 4500
003 - CONTROL NUMBER IDENTIFIER
control field SGT
020 ## - INTERNATIONAL STANDARD BOOK NUMBER
International Standard Book Number 9789131257739
082 ## - DEWEY DECIMAL CLASSIFICATION NUMBER
Classification number 612
Item number G20H
100 ## - MAIN ENTRY--PERSONAL NAME
Personal name Hall, John E.
245 ## - TITLE STATEMENT
Title Guyton and Hall Textbook of Medical Physiology
250 ## - EDITION STATEMENT
Edition statement 3rd S. A.
260 ## - PUBLICATION, DISTRIBUTION, ETC. (IMPRINT)
Name of publisher, distributor, etc Elsevier
Year of Publication 2020
300 ## - PAGE DESCRIPTION
No. of Pages 1011
650 ## - SUBJECT ADDED ENTRY--TOPICAL TERM
Topical term or geographic name as entry element Physiology
942 ## - ADDED ENTRY ELEMENTS (KOHA)
Source of classification or shelving scheme Dewey Decimal Classification
Koha item type Books
942 ## - ADDED ENTRY ELEMENTS (KOHA)
-- 4
Holdings
Withdrawn status Lost status Source of classification or shelving scheme Damaged status Not for loan Home library Current library Shelving location Date acquired Vendor Name SGTU Bill Number Full call number Accession No. (Barcode) Date last seen Bill Date Koha item type Total Checkouts Date last borrowed
    Dewey Decimal Classification     SGT Dental Library SGT Dental Library Reference Book 26/08/2023 Ahuja Book Co. Pvt. Ltd. SGTU 16974 612 G20H FD9244 26/08/2023 28/06/2023 Books    
    Dewey Decimal Classification     SGT Dental Library SGT Dental Library Text Book 26/08/2023 Ahuja Book Co. Pvt. Ltd. SGTU 16974 612 G20H FD9245 28/02/2025 28/06/2023 Books 4 28/02/2025